How It’s done - Huntrix - Kpop demon hunters - English lyrics only - Statistics

General Stats
  • This quiz has been taken 136 times
  • The average score is 326 of 437
Answer Stats
Answer % Correct
I
99%
you
95%
you)
95%
a
93%
do,
93%
done,
93%
done
93%
done)
93%
(done,
93%
how
93%
(how
93%
how,
93%
how)
93%
it
93%
it?
93%
the
93%
show
92%
(show
92%
it’s
90%
bad
89%
beat
89%
my
88%
when
88%
to
86%
came
85%
I’ll
85%
so
85%
is
84%
time
84%
time,
84%
wild?
84%
wild
84%
better
82%
get
82%
I’m
82%
(I’m
82%
in
82%
okay,
82%
okay
82%
and
81%
hear
81%
no
81%
wanna
81%
at
79%
for
79%
hunt
79%
just
79%
Line
79%
on
79%
our
79%
this
79%
this,
79%
’cause
78%
crossed
78%
go
78%
we
78%
what
78%
what?
78%
but
77%
Huntrix
77%
Huntrix,
77%
sound
77%
up,
77%
up
77%
your
77%
down
75%
down,
75%
(down)
75%
gonna
75%
level
75%
blood,
74%
come
74%
don’t
74%
(la
74%
la
74%
la)
74%
not
74%
like
73%
like,
73%
play
73%
run,
73%
run
73%
beating
71%
sorry
71%
that
71%
yeah
71%
Yeah,
71%
check
70%
era
70%
lullaby
70%
mascara
70%
mind
70%
out
70%
party
70%
cute
68%
fit
68%
mirror,
68%
mirror
68%
savage
68%
us,
68%
(us,
68%
voice
68%
world
68%
bleeding
67%
body
67%
body,
67%
even
67%
hello?)
67%
isn’t
67%
late
67%
nails,
67%
pull
67%
who’s
67%
gettin’
66%
knocking
66%
miss
66%
miss,
66%
tryin’,
66%
baddest?
64%
battle
64%
blade,
64%
die,
64%
ringing
64%
town
64%
whole
64%
little
63%
napalm
63%
sit
63%
face,
62%
heels,
62%
make
62%
phone,
62%
there
62%
was
62%
born
60%
light
60%
might
60%
playin’
60%
quit
60%
start
60%
dark
59%
night
59%
song
59%
’til
59%
luck
58%
naughty,
58%
goin’
56%
avoiding
55%
need
55%
something
53%
Ugh,
53%
ain’t
52%
defeats
52%
meets
52%
right,
52%
bit
49%
look
49%
never
49%
point
49%
tryna
49%
about
48%
we’re
48%
afraid
47%
humbling,
47%
know
47%
that’s
47%
crown
45%
Rambo
45%
unwavering
45%
fear
44%
huh?
44%
one
42%
turnin’
42%
(uh)
42%
want
42%
facts,
41%
makin’
41%
million
41%
natural
41%
of
41%
spittin’
41%
annoyed?
40%
got
40%
(got
40%
loaded,
40%
locked
40%
now,
40%
now
40%
now)
40%
sweat,
40%
tears,
40%
kill
38%
full
37%
venom
37%
way,
37%
bite,
36%
you’re
36%
going
34%
nothing
34%
sunup
34%
from
33%
ramble
33%
talk,
33%
won
33%
words,
33%
breathe
32%
sundown,
30%
(hey)
29%
took
26%
either
23%
really?
22%
shootin’
22%
‘Em,
14%
No matching quizzes found
Score Distribution
Percent of People with Each Score
Percentile by Number Answered
Your Score History
You have not taken this quiz